|
|
|
|
| LEADER |
01726nam a22004093i 4500 |
| 001 |
EBC7245638 |
| 003 |
MiAaPQ |
| 005 |
20231204023229.0 |
| 006 |
m o d | |
| 007 |
cr cnu|||||||| |
| 008 |
231204s2021 xx o ||||0 eng d |
| 020 |
|
|
|a 9781000511796
|q (electronic bk.)
|
| 020 |
|
|
|z 9781032039992
|
| 035 |
|
|
|a (MiAaPQ)EBC7245638
|
| 035 |
|
|
|a (Au-PeEL)EBL7245638
|
| 035 |
|
|
|a (OCoLC)1378936420
|
| 040 |
|
|
|a MiAaPQ
|b eng
|e rda
|e pn
|c MiAaPQ
|d MiAaPQ
|
| 082 |
0 |
|
|a 613/.1
|
| 100 |
1 |
|
|a Thomas, Alexander.
|
| 245 |
1 |
0 |
|a Climate Change and the Health Sector :
|b Healing the World.
|
| 250 |
|
|
|a 1st ed.
|
| 264 |
|
1 |
|a Milton :
|b Taylor & Francis Group,
|c 2021.
|
| 264 |
|
4 |
|c Ã2022.
|
| 300 |
|
|
|a 1 online resource (269 pages)
|
| 336 |
|
|
|a text
|b txt
|2 rdacontent
|
| 337 |
|
|
|a computer
|b c
|2 rdamedia
|
| 338 |
|
|
|a online resource
|b cr
|2 rdacarrier
|
| 520 |
|
|
|a This volume positions the health sector as a leader in the fight against climate change and explores the role of the health system in climate policy action.
|
| 588 |
|
|
|a Description based on publisher supplied metadata and other sources.
|
| 590 |
|
|
|a Electronic reproduction. Ann Arbor, Michigan : ProQuest Ebook Central, 2023. Available via World Wide Web. Access may be limited to ProQuest Ebook Central affiliated libraries.
|
| 655 |
|
4 |
|a Electronic books.
|
| 700 |
1 |
|
|a Reddy, K. Srinath.
|
| 700 |
1 |
|
|a Alexander, Divya.
|
| 700 |
1 |
|
|a Prabhakaran, Poornima.
|
| 776 |
0 |
8 |
|i Print version:
|a Thomas, Alexander
|t Climate Change and the Health Sector
|d Milton : Taylor & Francis Group,c2021
|z 9781032039992
|
| 797 |
2 |
|
|a ProQuest (Firm)
|
| 856 |
4 |
0 |
|u https://ebookcentral.proquest.com/lib/matrademy/detail.action?docID=7245638
|z Click to View
|